[Event "LTU M16"]
[Site "Vilnius"]
[Date "2019.02.18"]
[Round "6.1"]
[White "Versekenaite, Gabija"]
[Black "Ravlusevic, Evelina"]
[Result "0-1"]
[WhiteElo "1325"]
[BlackElo "1681"]
[PlyCount "62"]
[EventDate "2019.02.15"]

1. e4 c5 2. Nc3 e6 3. Bc4 a6 4. d3 b5 5. Bb3 Bb7 6. f4 d5 7. exd5 exd5 8. Qe2+
Be7 9. a3 Nf6 10. Nf3 O-O 11. O-O Re8 12. Kh1 c4 13. dxc4 dxc4 14. Ba2 Bxa3 15.
Qd1 Qxd1 16. Nxd1 Bc5 17. Ng1 Nc6 18. Nc3 Rad8 19. Nce2 Ng4 20. h3 Nf2+ 21. Kh2
Ne4 22. Nf3 Nb4 23. Bb1 Nf2 24. Nc3 Rd6 25. f5 Nd5 26. Nxd5 Rxd5 27. c3 Nd3 28.
Rd1 Red8 29. Ne1 Nxc1 30. Rxc1 Rd2 31. Ra2 Rd1 0-1

[Event "LTU M16"]
[Site "Vilnius"]
[Date "2019.02.18"]
[Round "6.2"]
[White "Meskauskaite, Gabija"]
[Black "Plutaite, Ausra"]
[Result "0-1"]
[WhiteElo "1259"]
[BlackElo "1388"]
[PlyCount "74"]
[EventDate "2019.02.15"]

1. e4 e6 2. d4 d5 3. e5 c5 4. c3 Qb6 5. Nf3 Nc6 6. a3 a5 7. Be2 cxd4 8. cxd4
Nge7 9. Nc3 Nf5 10. Bb5 Bd7 11. O-O Nfxd4 12. Nxd4 Qxd4 13. Bxc6 Qxe5 14. Bxd7+
Kxd7 15. Be3 Bd6 16. g3 h5 17. Bf4 Qf5 18. Bxd6 Kxd6 19. Nb5+ Kd7 20. Nd4 Qg6
21. Qf3 h4 22. Ne2 hxg3 23. hxg3 Qh6 24. Qg2 Rh7 25. Rfd1 Rah8 26. Kf1 Qg6 27.
Rac1 Qg4 28. f3 Qa4 29. Qf2 Qb5 30. Ke1 Rh2 31. Qe3 Qxb2 32. Rd2 Rh1+ 33. Ng1
Qxc1+ 34. Ke2 R8h2+ 35. Kd3 Rxd2+ 36. Qxd2 Qxd2+ 37. Kxd2 Rxg1 0-1

[Event "LTU M16"]
[Site "Vilnius"]
[Date "2019.02.18"]
[Round "6.3"]
[White "Maciulaityte, Barbora"]
[Black "Perminaite, Simona"]
[Result "1-0"]
[WhiteElo "1707"]
[BlackElo "1340"]
[PlyCount "120"]
[EventDate "2019.02.15"]

1. e4 d6 2. d4 Nf6 3. Nc3 g6 4. Bc4 Bg7 5. Nf3 O-O 6. Qe2 c6 7. e5 dxe5 8. dxe5
Nd5 9. Bd2 Be6 10. Ng5 Nxc3 11. Bxc3 Bxc4 12. Qxc4 h6 13. Nf3 Qd5 14. Qe2 Na6
15. O-O Qe6 16. Rfe1 c5 17. Qb5 Qb6 18. Qc4 Nc7 19. Rad1 Rad8 20. Qa4 Qa6 21.
Qh4 Qe6 22. b3 Rfe8 23. Bd2 Qd7 24. Rc1 g5 25. Qc4 Qb5 26. Qg4 Qc6 27. h4 Qg6
28. hxg5 Ne6 29. Qh4 hxg5 30. Bxg5 Nxg5 31. Nxg5 Bh6 32. f4 Bxg5 33. fxg5 Rd4
34. Qf2 Qxg5 35. Re3 Rg4 36. Rf1 Rf8 37. Rf3 Qg7 38. Rf5 b6 39. Qf3 Rg5 40. Qh3
Rxf5 41. Rxf5 Rd8 42. Qh5 f6 43. exf6 exf6 44. Rf4 Rd4 45. Rxd4 cxd4 46. Qd5+
Qf7 47. Qxd4 Qe7 48. Kf2 Kf8 49. a4 Qg7 50. Qd8+ Kf7 51. Qd7+ Kf8 52. Qxg7+
Kxg7 53. Ke3 Kf7 54. Ke4 Ke6 55. g4 a6 56. b4 b5 57. axb5 axb5 58. Kd4 Kd6 59.
c4 bxc4 60. Kxc4 Ke5 1-0

[Event "LTU M16"]
[Site "Vilnius"]
[Date "2019.02.18"]
[Round "6.5"]
[White "Karaliute, Vestina"]
[Black "Staskeviciute, Darija"]
[Result "0-1"]
[WhiteElo "1363"]
[BlackElo "1575"]
[PlyCount "112"]
[EventDate "2019.02.15"]

1. d4 d5 2. Nf3 Nf6 3. c4 c6 4. e3 e6 5. Nc3 Nbd7 6. Bd3 dxc4 7. Bxc4 b5 8. Bd3
a6 9. Ne4 Bb7 10. Qc2 Rc8 11. Bd2 c5 12. Qb1 c4 13. Bc2 Be7 14. O-O O-O 15. Bc3
Nxe4 16. Bxe4 Bxe4 17. Qxe4 b4 18. Be1 Nf6 19. Qb7 a5 20. Ne5 Qc7 21. Qf3 Bd6
22. Ng4 Nxg4 23. Qxg4 Bxh2+ 24. Kh1 Bd6 25. f4 f5 26. Qf3 Qc6 27. Bh4 Qxf3 28.
Rxf3 c3 29. b3 Ra8 30. Rf2 a4 31. Rb1 axb3 32. axb3 Ra3 33. Rc2 Rfa8 34. Kh2
Ra2 35. Rbc1 Rxc2 36. Rxc2 Ra3 37. Be1 Rxb3 38. Rc1 Rb2 39. Bxc3 bxc3 40. Rxc3
Re2 41. Kg3 Bb4 42. Rd3 Be1+ 43. Kh3 Bf2 44. g4 Rxe3+ 45. Rxe3 Bxe3 46. gxf5
exf5 47. Kg3 Bxd4 48. Kf3 h6 49. Kg3 g5 50. fxg5 hxg5 51. Kf3 g4+ 52. Kg3 Be5+
53. Kg2 f4 54. Kf1 Bd4 55. Kg2 f3+ 56. Kf1 g3 0-1

[Event "LTU M16"]
[Site "Vilnius"]
[Date "2019.02.19"]
[Round "7.1"]
[White "Staskeviciute, Darija"]
[Black "Versekenaite, Gabija"]
[Result "1-0"]
[WhiteElo "1575"]
[BlackElo "1325"]
[PlyCount "107"]
[EventDate "2019.02.15"]

1. d4 c5 2. d5 e5 3. e4 d6 4. c4 Be7 5. Nc3 Bg5 6. Nge2 Bxc1 7. Rxc1 Nf6 8. Ng3
O-O 9. Be2 Na6 10. O-O Nc7 11. Qd2 Bd7 12. a3 Re8 13. b4 b6 14. b5 a5 15. a4 h6
16. f4 Bg4 17. Nd1 Bxe2 18. Qxe2 Kh8 19. Nb2 Qd7 20. Nd3 Ng4 21. h3 exf4 22.
Rxf4 Ne5 23. Qc2 f6 24. Rcf1 Rf8 25. Nxe5 dxe5 26. Rg4 Ne8 27. Nf5 Rg8 28. Qd2
Nd6 29. Nxh6 Rgf8 30. Nf5 Nxf5 31. Rxf5 Qe8 32. Qe2 g6 33. Rh4+ Kg8 34. Qg4 Ra7
35. Rfh5 Rg7 36. Rh8+ Kf7 37. Rxf8+ Kxf8 38. Qf3 Ke7 39. Rg4 Qf7 40. Rg3 Kd6
41. Qg4 Qe8 42. h4 Rg8 43. h5 g5 44. Rh3 Rh8 45. h6 Rh7 46. Qh5 Qxh5 47. Rxh5
Ke7 48. Kf2 Kf7 49. Kg3 Kg6 50. Kg4 f5+ 51. exf5+ Kf6 52. Rxg5 e4 53. Kf4 e3
54. Rg6+ 1-0

[Event "LTU M16"]
[Site "Vilnius"]
[Date "2019.02.19"]
[Round "7.2"]
[White "Ceponyte, Barbora"]
[Black "Karaliute, Vestina"]
[Result "1/2-1/2"]
[WhiteElo "1096"]
[BlackElo "1363"]
[PlyCount "154"]
[EventDate "2019.02.15"]

1. d4 d5 2. Bf4 Nf6 3. e3 c5 4. c3 e6 5. Nf3 Nc6 6. Bd3 Qb6 7. Qc1 c4 8. Bc2
Qa5 9. O-O b5 10. a3 b4 11. cxb4 Bxb4 12. Nbd2 Bxd2 13. Qxd2 Qxd2 14. Nxd2 Ba6
15. Rfc1 O-O 16. Ba4 Rfc8 17. b3 Ne7 18. bxc4 Bxc4 19. Nxc4 Rxc4 20. Rxc4 dxc4
21. Rc1 Rc8 22. Bb5 c3 23. Ba6 Rc6 24. Bb5 Rc8 25. Ba6 Rc6 26. Bb5 Rb6 27. a4
Ned5 28. Be5 a6 29. Bd3 Rc6 30. Kf1 Nb4 31. Bc2 Nxc2 32. Rxc2 Nd5 33. Ke2 Nb4
34. Rc1 f6 35. Bb8 Kf7 36. Ba7 Rc4 37. a5 Na2 38. Rc2 Rb4 39. Kd1 Rb1+ 40. Ke2
Rb2 41. Kd1 Rb1+ 42. Ke2 Rb2 43. Kd1 Nb4 44. Rxc3 Rxf2 45. Rb3 Nc6 46. Bc5 Nxa5
47. Ra3 Nc4 48. Rxa6 Nxe3+ 49. Ke1 Rxg2 50. Ra7+ Kg6 51. Bf8 Nf5 52. h4 Rg4 53.
Rd7 Rxh4 54. d5 exd5 55. Rxd5 Rh2 56. Bc5 h5 57. Kf1 Ng3+ 58. Kg1 Re2 59. Bd6
h4 60. Rc5 Ne4 61. Rc6 Nxd6 62. Rxd6 Kh5 63. Rd4 g5 64. Kh1 f5 65. Rd1 f4 66.
Rf1 h3 67. Rf3 Kg4 68. Rf1 h2 69. Rxf4+ Kh5 70. Rh4+ Kg6 71. Rh6+ Kf5 72. Rf6+
Ke4 73. Rf4+ Kd3 74. Rd4+ Ke3 75. Re4+ Kd3 76. Rd4+ Kc2 77. Rd2+ Rxd2 1/2-1/2

[Event "LTU M16"]
[Site "Vilnius"]
[Date "2019.02.19"]
[Round "7.4"]
[White "Plutaite, Ausra"]
[Black "Maciulaityte, Barbora"]
[Result "0-1"]
[WhiteElo "1388"]
[BlackElo "1707"]
[PlyCount "74"]
[EventDate "2019.02.15"]

1. e4 c5 2. Nf3 d6 3. d4 cxd4 4. Nxd4 Nf6 5. Nc3 g6 6. Be3 Bg7 7. f3 O-O 8. Qd2
Nc6 9. g4 Qa5 10. h4 Ne5 11. Be2 Bd7 12. Nb3 Qc7 13. O-O-O Be6 14. Nb5 Qd8 15.
N5d4 Bc4 16. g5 Nh5 17. f4 Bxe2 18. Nxe2 Nc4 19. Qd3 Nxb2 20. Qd5 Nxd1 21. Rxd1
Qc7 22. f5 Qc6 23. Qd3 Qa4 24. Kb1 Rac8 25. Bd4 Bxd4 26. Nexd4 Qc4 27. Qf3 Qc3
28. Rd3 Qe1+ 29. Rd1 Qg3 30. Qh1 Rc4 31. Ne2 Qe3 32. Ned4 Ng3 33. Qg2 Nxe4 34.
Qf1 Nc3+ 35. Ka1 Ra4 36. Nc1 Nxd1 37. Qxd1 Qxd4+ 0-1

[Event "LTU M16"]
[Site "Vilnius"]
[Date "2019.02.19"]
[Round "7.5"]
[White "Ravlusevic, Evelina"]
[Black "Meskauskaite, Gabija"]
[Result "1-0"]
[WhiteElo "1681"]
[BlackElo "1259"]
[PlyCount "69"]
[EventDate "2019.02.15"]

1. d4 d5 2. c4 e6 3. Nf3 Nf6 4. Nc3 Be7 5. Bf4 O-O 6. e3 Nbd7 7. Bd3 dxc4 8.
Bxc4 a6 9. a3 b5 10. Bd3 Bb7 11. b4 Nb6 12. e4 Rc8 13. O-O h6 14. h3 Qd7 15.
Rc1 Rfd8 16. Be3 Nh7 17. Ne5 Qe8 18. Qg4 Bf6 19. f4 Nf8 20. Bb1 Nbd7 21. Nf3
Ng6 22. e5 Be7 23. f5 exf5 24. Bxf5 Bf8 25. h4 Ne7 26. Bb1 Nb6 27. Bxh6 Nbd5
28. Ne4 Kh8 29. Bd2 Ng8 30. Qh5+ Nh6 31. Bxh6 gxh6 32. Nfg5 Rd7 33. Nxf7+ Rxf7
34. Rxf7 Rd8 35. Qf5 1-0

[Event "LTU M16"]
[Site "Vilnius"]
[Date "2019.02.19"]
[Round "8.1"]
[White "Versekenaite, Gabija"]
[Black "Meskauskaite, Gabija"]
[Result "1-0"]
[WhiteElo "1325"]
[BlackElo "1259"]
[PlyCount "73"]
[EventDate "2019.02.15"]

1. e4 e5 2. Nf3 Nc6 3. Bb5 Nf6 4. O-O Be7 5. Nc3 d6 6. d4 exd4 7. Nxd4 Bd7 8.
Nxc6 Bxc6 9. Bxc6+ bxc6 10. Bf4 O-O 11. Qf3 Rb8 12. Rab1 Qd7 13. Rfd1 Rfd8 14.
h3 Qe6 15. a3 Rb7 16. b4 a6 17. Rd2 h6 18. Rbd1 Nd7 19. Kh1 Ne5 20. Bxe5 Qxe5
21. Ne2 Bf6 22. Nd4 Qe8 23. e5 dxe5 24. Qxc6 Rdb8 25. Qxe8+ Rxe8 26. Nb3 Rbb8
27. Rd7 Rbc8 28. Nc5 e4 29. Nxa6 Be5 30. Rb1 Bd6 31. c4 e3 32. fxe3 Rxe3 33. c5
Rxa3 34. cxd6 Rxa6 35. Rc1 Raa8 36. Rdxc7 Rd8 37. d7 1-0

[Event "LTU M16"]
[Site "Vilnius"]
[Date "2019.02.19"]
[Round "8.2"]
[White "Maciulaityte, Barbora"]
[Black "Ravlusevic, Evelina"]
[Result "1-0"]
[WhiteElo "1707"]
[BlackElo "1681"]
[PlyCount "25"]
[EventDate "2019.02.15"]

1. e4 c5 2. Nf3 d6 3. d4 cxd4 4. Nxd4 Nf6 5. Nc3 a6 6. h3 e6 7. g4 d5 8. Bg5
dxe4 9. Bg2 Bb4 10. Nde2 Qxd1+ 11. Rxd1 Nd5 12. Bxe4 Nxc3 13. Rd8# 1-0

[Event "LTU M16"]
[Site "Vilnius"]
[Date "2019.02.19"]
[Round "8.4"]
[White "Karaliute, Vestina"]
[Black "Perminaite, Simona"]
[Result "0-1"]
[WhiteElo "1363"]
[BlackElo "1340"]
[PlyCount "100"]
[EventDate "2019.02.15"]

1. d4 Nf6 2. c4 g6 3. Nc3 Bg7 4. e4 d6 5. f3 O-O 6. Be3 Nbd7 7. Qd2 e5 8. d5 a5
9. Bh6 Nh5 10. O-O-O Nc5 11. Bxg7 Nxg7 12. g4 Bd7 13. h4 Qf6 14. h5 Qf4 15.
Qxf4 exf4 16. hxg6 fxg6 17. Rd2 h5 18. gxh5 Nxh5 19. Nge2 Kg7 20. Bh3 Bxh3 21.
Rxh3 Rf7 22. Rd1 Rh8 23. Kc2 Ng3 24. Rxh8 Kxh8 25. Rg1 Nd7 26. Nxg3 fxg3 27.
Rxg3 Ne5 28. Kb3 Rxf3 29. Rxf3 Nxf3 30. Kc2 Kg7 31. Kd3 Ne5+ 32. Kd4 g5 33. Ne2
Kf6 34. a3 Nf3+ 35. Ke3 g4 36. b4 axb4 37. axb4 Ke5 38. c5 Ne1 39. Kd2 Ng2 40.
cxd6 cxd6 41. Ng3 Kf4 42. Nf5 g3 43. Ke2 Kxe4 44. Nxd6+ Kxd5 45. Nxb7 Nf4+ 46.
Kf1 Ke4 47. Nc5+ Kf3 48. b5 g2+ 49. Ke1 g1=Q+ 50. Kd2 Qxc5 0-1

[Event "LTU M16"]
[Site "Vilnius"]
[Date "2019.02.19"]
[Round "8.5"]
[White "Staskeviciute, Darija"]
[Black "Ceponyte, Barbora"]
[Result "1-0"]
[WhiteElo "1575"]
[BlackElo "1096"]
[PlyCount "120"]
[EventDate "2019.02.15"]

1. d4 d5 2. Nf3 Nf6 3. c4 e6 4. g3 Be7 5. Bg2 O-O 6. O-O b6 7. Nc3 Bb7 8. Ne5
Nbd7 9. Bf4 c5 10. cxd5 Nxd5 11. Nxd5 Bxd5 12. Bxd5 exd5 13. Nc6 Qe8 14. dxc5
Nxc5 15. Nxe7+ Qxe7 16. Be3 Rfd8 17. Bd4 Rac8 18. e3 Qe6 19. Qf3 Ne4 20. Qe2
Qh3 21. Rad1 Rc6 22. f3 Nd6 23. Qg2 Qxg2+ 24. Kxg2 Rc2+ 25. Rf2 Rxf2+ 26. Kxf2
Nb5 27. a4 Nxd4 28. Rxd4 g6 29. Ke2 Rc8 30. Rxd5 Rc2+ 31. Rd2 Rc4 32. b3 Rc1
33. Rb2 Rh1 34. Kd3 Rf1 35. f4 Rd1+ 36. Rd2 Rc1 37. e4 Rc5 38. e5 Rc6 39. Rc2
Re6 40. Rc7 a5 41. Kc4 Re8 42. Kb5 Rd8 43. Kxb6 Rd3 44. Kxa5 Rxb3 45. Rc2 Kf8
46. Ka6 Ke8 47. a5 Kd7 48. Rc5 Rb2 49. Rb5 Rxh2 50. Kb6 Kc8 51. Rc5+ Kd8 52. a6
Rb2+ 53. Rb5 Rxb5+ 54. Kxb5 Kc7 55. Kc5 h6 56. a7 Kb7 57. Kd6 Kxa7 58. Ke7 Kb7
59. Kxf7 g5 60. fxg5 hxg5 1-0

[Event "LTU M16"]
[Site "Vilnius"]
[Date "2019.02.20"]
[Round "9.1"]
[White "Ceponyte, Barbora"]
[Black "Versekenaite, Gabija"]
[Result "1-0"]
[WhiteElo "1096"]
[BlackElo "1325"]
[PlyCount "121"]
[EventDate "2019.02.15"]

1. d4 Nf6 2. Bf4 d5 3. e3 c5 4. c3 e6 5. Nf3 Nc6 6. Bd3 cxd4 7. exd4 Nh5 8. Bg5
Nf6 9. O-O Bd6 10. Nbd2 O-O 11. Re1 Re8 12. Ne5 Be7 13. Ndf3 h6 14. Bxf6 Bxf6
15. Bb5 Bd7 16. Bxc6 Bxc6 17. Rc1 Rc8 18. Qd2 a6 19. a3 Ba4 20. b4 Bb5 21. Qc2
Bc4 22. a4 Be7 23. Nd2 Bd6 24. Ndxc4 dxc4 25. Qe2 b5 26. axb5 axb5 27. Ra1 Ra8
28. Ra2 Qc7 29. Rea1 Rxa2 30. Rxa2 Rd8 31. Kf1 Qb7 32. Qf3 Qxf3 33. Nxf3 Rb8
34. Ra5 Kf8 35. Ra7 g6 36. Ke2 Kg7 37. g3 Kf6 38. Nd2 Kg7 39. Ne4 Bf8 40. Ke3
g5 41. h4 gxh4 42. gxh4 Kg6 43. Kf4 f5 44. Ng3 Bd6+ 45. Kf3 Rb6 46. Ra8 e5 47.
dxe5 Bxe5 48. Ne2 Kh5 49. Rf8 Kg6 50. Re8 Bc7 51. Nf4+ Bxf4 52. Kxf4 Rd6 53.
Re5 Rd3 54. Rxf5 Rxc3 55. Rxb5 Rd3 56. h5+ Kf6 57. Rc5 c3 58. b5 Ke6 59. Ke4
Rd1 60. Rxc3 Rb1 61. Rc5 1-0

[Event "LTU M16"]
[Site "Vilnius"]
[Date "2019.02.20"]
[Round "9.2"]
[White "Perminaite, Simona"]
[Black "Staskeviciute, Darija"]
[Result "1/2-1/2"]
[WhiteElo "1340"]
[BlackElo "1575"]
[PlyCount "156"]
[EventDate "2019.02.15"]

1. e4 g6 2. d3 Bg7 3. g3 c6 4. f4 d5 5. Nd2 Qb6 6. Nb3 Nf6 7. e5 Ng4 8. d4 h5
9. Nf3 Nh6 10. Bd3 Bf5 11. Bxf5 Nxf5 12. c3 e6 13. Qe2 Nd7 14. Be3 Qc7 15. Kf2
Nb6 16. Nbd2 Na4 17. Rab1 c5 18. Qb5+ Qd7 19. Qxd7+ Kxd7 20. dxc5 Nxe3 21. Kxe3
Nxc5 22. c4 Rhd8 23. Rhd1 Ke8 24. cxd5 Rxd5 25. Nc4 Bf8 26. Rd2 Rad8 27. Rbd1
Rxd2 28. Rxd2 Rxd2 29. Nfxd2 Kd7 30. Kd4 b6 31. Nf3 Be7 32. b3 Nb7 33. Kc3 Kc6
34. Nd4+ Kd5 35. Nb5 a5 36. Nxb6+ Kc6 37. Nc8 Bb4+ 38. Kc4 Kd7 39. Nb6+ Kc6 40.
Na4 Be1 41. Nd4+ Kc7 42. Nf3 Bb4 43. Ng5 Nd8 44. Nc5 Kc6 45. Nd3 Ba3 46. b4
axb4 47. Nxb4+ Kb6 48. Nc2 Bc5 49. Nd4 Ba3 50. Nb5 Bc5 51. a4 Bg1 52. Nf3 Bf2
53. Nd6 Ka5 54. Ne4 Bb6 55. Nc5 Ba7 56. Nd2 Kb6 57. Ndb3 Nc6 58. Nd7+ Ka6 59.
Ndc5+ Kb6 60. Ne4 Ka6 61. Nd6 Bg1 62. h3 Bh2 63. Nc5+ Ka5 64. Nce4 Nd8 65. Nc8
Kxa4 66. Kc5 h4 67. gxh4 Bxf4 68. Nb6+ Kb3 69. Nd7 Kc2 70. Kd4 Nc6+ 71. Kc5
Nxe5 72. Nxe5 Bxe5 73. Ng5 Bf6 74. Nxf7 Bxh4 75. Kd6 Kd3 76. Kxe6 Ke4 77. Ne5
g5 78. Nf7 Kf4 1/2-1/2

[Event "LTU M16"]
[Site "Vilnius"]
[Date "2019.02.20"]
[Round "9.3"]
[White "Plutaite, Ausra"]
[Black "Karaliute, Vestina"]
[Result "1-0"]
[WhiteElo "1388"]
[BlackElo "1363"]
[PlyCount "107"]
[EventDate "2019.02.15"]

1. e4 d5 2. exd5 Nf6 3. Nc3 Nxd5 4. Bc4 Nf6 5. Nf3 Bf5 6. Ne5 Bg6 7. Bb5+ c6 8.
Bc4 Nbd7 9. Ng4 e6 10. O-O Bc5 11. b3 O-O 12. Bb2 Re8 13. Qf3 Nxg4 14. Qxg4 Ne5
15. Qg3 Nxc4 16. bxc4 Bd6 17. Qg4 Bf5 18. Qe2 Qh4 19. g3 Qh3 20. Ne4 Bg4 21.
Qe3 Be7 22. Qf4 Bf5 23. Rae1 Qh5 24. Re3 Red8 25. Qe5 Qg6 26. h4 Bxh4 27. Rb1
Be7 28. d3 h5 29. Qc7 Bf8 30. Qxb7 h4 31. Qxc6 h3 32. Kh2 Rac8 33. Qb5 Bxe4 34.
Rxe4 Rc5 35. Qb7 Rf5 36. Rf1 Bd6 37. Re3 Rg5 38. Qe4 f5 39. Qxe6+ Qxe6 40. Rxe6
Bb8 41. Re7 f4 42. gxf4 Bxf4+ 43. Kxh3 Kf8 44. Ba3 Kg8 45. Re4 Bd2 46. Be7 Rh5+
47. Kg4 Rxd3 48. cxd3 Rh6 49. Rd1 Bc3 50. Rc1 Bd2 51. Rc2 Ba5 52. c5 Rg6+ 53.
Kf5 Kf7 54. Bh4 1-0

[Event "LTU M16"]
[Site "Vilnius"]
[Date "2019.02.20"]
[Round "9.5"]
[White "Meskauskaite, Gabija"]
[Black "Maciulaityte, Barbora"]
[Result "0-1"]
[WhiteElo "1259"]
[BlackElo "1707"]
[PlyCount "118"]
[EventDate "2019.02.15"]

1. e4 c5 2. Nf3 d6 3. d4 cxd4 4. Nxd4 Nf6 5. Nc3 g6 6. Bc4 Bg7 7. O-O O-O 8.
Be3 a6 9. a4 Qc7 10. Bd3 Nc6 11. Nxc6 Qxc6 12. Qd2 Rd8 13. Rfd1 Be6 14. Bh6 Bh8
15. h3 Rac8 16. Qe2 Nd7 17. Bd2 Ne5 18. Qe3 Bc4 19. Be2 Bxe2 20. Qxe2 Nc4 21.
Bc1 e6 22. Qf3 Nxb2 23. Bxb2 Bxc3 24. Bxc3 Qxc3 25. Qf4 Qxc2 26. Qe3 Qc5 27.
Qb3 Rd7 28. Rac1 Qxc1 29. Rxc1 Rxc1+ 30. Kh2 Rdc7 31. Qd3 R7c6 32. Qb3 b6 33.
f3 R1c3 34. Qb2 d5 35. exd5 exd5 36. Qd2 R3c5 37. Qe2 b5 38. axb5 axb5 39. Qd3
b4 40. Qb3 Rc4 41. Kg3 Kf8 42. Qd1 d4 43. Qb3 Ke7 44. Qd3 Kd6 45. Qd1 Kc5 46.
Qd3 f5 47. Qe2 b3 48. Qe7+ Kb6 49. Qd8+ Kb5 50. Qb8+ Ka4 51. Qa7+ Kb4 52. Qe7+
Kc3 53. Qe1+ Kb2 54. Qd2+ Ka3 55. Qa5+ Ra4 56. Qd2 b2 57. Qd3+ Rc3 58. Qb1 d3
59. Qd1 Rb4 0-1